| 000 | 00590nam a2200181 a 4500 | ||
|---|---|---|---|
| 001 | 000009022 | ||
| 005 | 20200929161450.0 | ||
| 008 | 090923s1972 dr 001 0 spa d | ||
| 040 |
_aDO-SdBNP _bspa _cBNPHU |
||
| 082 |
_axxxx _bP438n |
||
| 100 | 1 |
_aPérez, Descartes _923657 |
|
| 245 | 1 | 0 |
_aNecesidad e importancia de las agregadurías policiales / _cDescartes Pérez ; prólogo Horacio Vicioso Soto. |
| 260 |
_aSanto Domingo, : _bs.e., _c1972. |
||
| 300 |
_a191 cm. ; _c22 cm. |
||
| 504 | _aIncluye bibliografía (p. 197) | ||
| 700 | 1 |
_aVicioso Soto, Horacio _epról. _923658 |
|
| 049 | _aBNPD | ||
| 999 |
_c8786 _d8786 |
||